1767 1896 1554 1766 1743 1627 1697 1126 1825 1745 1944 1125 1063 1876 1322 1096 1303 1268 1163 1785 1563 1172 1673 1850 1263 1084 1614 1812 1943 1255 1075 1353 1343 1236 1656 1411 1433 1478 1883 1604 1922 1351 1899 1213 1850 1106 1821 1304 1081 1670 1561 1955 1665 1100 1761 1693 1392 1218 1206 1131 1901 1982 1698 1886 1826 1515 1637 1381 1903 1850 1184 1345 1586 1866 1996 1849 1236 1617 1116 1713 1057 1328 1699 1997 1190 1265 1388 1951 1174 1766 1815 1064 1445 1985 1183 1503 1927 1936 1541 BCNSPRNW ULIB Ver.6.0+V

เปลี่ยนเป็นภาษาไทย

Change to English
 แสดงรายละเอียดบรรณานุกรม
  กลับหน้าหลัก

Brief Record : Get Marc (ISO 2709) : E-mail record : QR code < ปิดหน้าต่าง
LEADER : 00000nam 2200000uu 4500
001    13399123108
003     ULIB
008    120829s2550||||th 000 0 tha d
020    ^a9789747645569
060 04 ^aWY159^bย394ห
100 0  ^aยุพยงค์ ทังสุบุตร
245 10 ^aหลักและเทคนิคปฏิบัติการทางการพยาบาลเด็ก /^cยุพยงค์ ทังสุบุตร ... [และคนอื่นๆ]
250    ^aพิมพ์ครั้งที่ 1
260    ^aนนทบุรี :^bโครงการสวัสดิการวิชาการ สถาบันพระบรมราชชนก,^c2550
300    ^a178 หน้า :^bภาพประกอบ ;^c26 ซม.
650  7 ^aการพยาบาลกุมารเวชศาสตร์
650  7 ^aเด็ก^xการดูแล
710 2  ^aสถาบันพระบรมราชชนก. ^bโครงการสวัสดิการวิชาการ
945    ^p280^l0^i15187
995    ^aกัณชพร
999 ^a ใช้งานได้ทุกระบบ
รายการนี้ยังไม่มีแท็ก
คุณยังไม่ได้ล็อกอิน คุณสามารถมีกิจกรรมร่วมกับเว็บไซต์ได้ แต่ต้องล็อกอินก่อน ::
  ล็อกอิน

รายการสื่อสารสนเทศ

ลำดับที่ ประเภท เลขเรียก/บาร์โค้ด สถานที่ สถานะ
1. Book การพยาบาล
Book การพยาบาล
WY159 ย394ห ฉ.1 
  Barcode: 15187
ห้องสมุดวิทยาเขตนครสวรรค์
►ส่วนจัดเก็บหนังสือเก่า นว.
บนชั้น
  ขอยืม

รายการใกล้เคียง
    ผู้แต่ง [ยุพยงค์ ทังสุบุตร]

    หัวเรื่อง [การพยาบาลกุมารเวชศาสตร์]
    หัวเรื่อง [เด็ก การดูแล]

BibComment


ยังไม่เคยถูกคอมเมนท์

คอมเมนท์ทรัพยากรรายการนี้
  คอมเมนท์: หลักและเทคนิคปฏิ..


 Copyright 2026. Bcnsprnw @Library